Parc del Castell de Montesquiu
Publicado:
Barcelona :
Diputació de Barcelona. Àrea d'Espais Naturals : Xarxa de Parcs Naturals ,
2006
Descripción Física:
1 f. plegat en 6 parts : il. col. ; 21 cm, 30 x 42 cm despleg.
Materias:
Castell de Montesquiu -- Guies
MARC
| LEADER | 00000nam a2200000Ia 4500 | ||
|---|---|---|---|
| 001 | 21626 | ||
| 008 | 160829s2006 xx 000 0 cat d | ||
| 080 | |a FU-41-43 | ||
| 110 | 1 | |a Parc del Castell de Montesquiu (Catalunya) |9 52663 | |
| 245 | |a Parc del Castell de Montesquiu | ||
| 250 | |a Ed. en castellano | ||
| 260 | |a Barcelona : |b Diputació de Barcelona. Àrea d'Espais Naturals : |b Xarxa de Parcs Naturals, |c 2006 | ||
| 300 | |a 1 f. plegat en 6 parts : |b il. col. ; |c 21 cm, 30 x 42 cm despleg. | ||
| 590 | |a Hi ha un exemplar en català amb R. 21599 | ||
| 650 | |a Castell de Montesquiu |x Guies |9 38928 | ||
| 710 | 1 | |a Barcelona (Catalunya : Província). |b Xarxa de Parcs Naturals |9 7250 | |
| 710 | |a Barcelona (Catalunya : Província). |b Àrea d'Espais Naturals |9 9050 | ||
| 901 | |a Arxiu | ||
| 942 | |n 1 | ||
| 952 | |0 0 |1 0 |4 0 |6 FU4143 |7 1 |9 52540 |a Arxiu |b Arxiu |d 2016-12-01 |l 0 |o FU-41-43 |p 21626 |r 2016-12-01 00:00:00 |w 2016-12-01 |y ARXIU | ||
| 999 | |c 56388 |d 56388 | ||